| 000 | 00864nam a2200349Ia 4500 | ||
|---|---|---|---|
| 008 | 170203s9999 xx 000 0 und d | ||
| 020 | _a9781419711893 | ||
| 050 | _aFic | ||
| 050 | _bK55d | ||
| 100 | _aKinney, Jeff. | ||
| 245 | _aDiary of a wimpy kid : | ||
| 245 | _bthe long haul / | ||
| 245 | _cby Jeff Kinney. | ||
| 260 | _aNew York : | ||
| 260 | _bAmulet Books, | ||
| 260 | _c2014 | ||
| 300 | _a217 pages : | ||
| 300 | _billustrations ; | ||
| 300 | _c21 cm. | ||
| 440 | _aDiary of a wimpy kid ; | ||
| 440 | _vbk.9. | ||
| 650 | _aAutomobile travel -- | ||
| 650 | _aAutomobile travel -- | ||
| 650 | _aDiaries -- | ||
| 650 | _aFamilies -- | ||
| 650 | _aVacations -- | ||
| 650 | _xFiction. | ||
| 650 | _xJuvenile fiction. | ||
| 650 | _xJuvenile fiction. | ||
| 650 | _xJuvenile fiction. | ||
| 650 | _xJuvenile fiction. | ||
| 999 |
_c306287 _d306287 |
||